| 000 | 01970nam0a2200325 i 4500 | ||
|---|---|---|---|
| 001 | RU\NLR\BIBL_A\010516614 | ||
| 005 | 20240921120207.0 | ||
| 010 |
_a9785955206226 _980 |
||
| 021 |
_aRU _b2014-61845 _93764 |
||
| 035 | _a(NILC)RuMoRGB-007536556 | ||
| 035 | _a(NLR Aleph) 010516614 | ||
| 090 |
_a10198002 _c10198002 |
||
| 100 | _a20141029d2014 km y0rusy50 ca | ||
| 101 | 0 | _arus | |
| 102 | _aRU | ||
| 105 | _ay|||z||||01yy | ||
| 200 | 1 |
_aАдминистративно-правовое регулирование обеспечения законности при осуществлении охраны общественного порядка полицией _eмонография _fМ. В. Костенников _gМВД России, Федеральное гос. казенное образовательное учреждение доп. проф. образования "Всероссийский ин-т повышения квалификации сотрудников МВД России", Центр подгот. сотрудников полиции по охране общественного порядка и службы миграции |
|
| 210 |
_aДомодедово _cВИПК МВД России _d2014 |
||
| 215 |
_a107 с. _d21 |
||
| 300 | _aВ вып. дан. авт.: Костенников М. В., д. ю. н., проф. | ||
| 320 | _aБиблиогр.: с. 99-105 (123 назв.) и в подстроч. примеч. | ||
| 606 | 1 |
_aОбщественный порядок _xОхрана _xАдминистративные меры _yРоссийская Федерация _92133714 _3RU\NLR\AUTH\661286917 |
|
| 610 | 0 | _aохрана общественного порядка | |
| 686 | 1 | _aХ621.163 | |
| 700 | 1 |
_aКостенников _bМ. В. _gМихаил Валерьевич |
|
| 801 | 0 |
_aRU _bРГБ _c20140818 _gRCR |
|
| 942 | _cBOOK | ||
| 980 | _aNBR | ||